Волшебная сказка Нью-Йорка: Роман; Рассказы; пер. с англ.; Волшебная сказка Нью-Йорка; Лирика в жизни Альфонса А; Так я купил медвежонка; Вот вам Всевышний; Раз вместо да; Франц Ф.
| Autor principal: | |
|---|---|
| Idioma: | rus |
| Publicat: |
СПб., Академический проект, 1995
|
| TOC: | Волшебная сказка Нью-Йорка; Лирика в жизни Альфонса А; Так я купил медвежонка; Вот вам Всевышний; Раз вместо да; Франц Ф.; |
| Col·lecció: | Библиотека первого перевода |
| Matèries: | |
| Format: | MixedMaterials Llibre |
| KOHA link: | https://koha.lib.tpu.ru/cgi-bin/koha/opac-detail.pl?biblionumber=1704 |
MARC
| LEADER | 00000nam0a2200000 4500 | ||
|---|---|---|---|
| 001 | 1704 | ||
| 005 | 20231030173351.0 | ||
| 010 | |a 5733100109 | ||
| 035 | |a (RuTPU)RU\TPU\book\1712 | ||
| 035 | |a BOOK00001714 | ||
| 090 | |a 1704 | ||
| 100 | |a 20011209d1995 m y0rusy50 ca | ||
| 101 | 1 | |a rus |c eng | |
| 102 | |a RU | ||
| 105 | |a y z 000ay | ||
| 200 | 1 | |a Волшебная сказка Нью-Йорка |e Роман; Рассказы |e пер. с англ. |f Дж. П. Данливи | |
| 210 | |a СПб. |c Академический проект |d 1995 | ||
| 215 | |a 432 с. | ||
| 225 | 1 | |a Библиотека первого перевода | |
| 464 | |t Волшебная сказка Нью-Йорка |o Роман | ||
| 464 | |t Лирика в жизни Альфонса А | ||
| 464 | |t Так я купил медвежонка | ||
| 464 | |t Вот вам Всевышний | ||
| 464 | |t Раз вместо да | ||
| 464 | |t Франц Ф. |o Рассказы | ||
| 610 | 1 | |a роман | |
| 610 | 1 | |a рассказы | |
| 675 | |a 82 |v 3 | ||
| 700 | 1 | |a Данливи |b Дж. П. |g Джеймс Патрик | |
| 801 | 0 | |a RU |b 63413507 |c 20011209 |g PSBO | |
| 801 | 2 | |a RU |b 63413507 |c 20060823 |g PSBO | |
| 942 | |c BK | ||